| 000 | 00770cam a22002531 4500 | ||
|---|---|---|---|
| 001 | 18503 | ||
| 003 | BD-RjUL | ||
| 005 | 20211209000308.0 | ||
| 008 | 140220s1949 nyu 00010 eng | ||
| 035 | _a(BD-RjUL)18561 | ||
| 040 |
_aDLC _cDLC _dm.c. _dBOS _dBD-RjUL _beng |
||
| 041 | _aeng | ||
| 082 |
_a808.831 _bWEA 1949 |
||
| 090 |
_aPN3358 _bF49 |
||
| 100 | 1 |
_aWest, Ray Benedict. _d1908- _954265 |
|
| 245 | 1 | 4 |
_aThe art of modern fiction / _cby Ray B. West, Jr. [and] Robert Wooster Stallman. |
| 260 |
_aNew York : _bRinehart, _cc1949. |
||
| 300 |
_ax, 463 p. ; _c24 cm. |
||
| 650 | 0 |
_aShort stories. _957009 |
|
| 650 | 0 |
_aFiction _xTechnique. _951866 |
|
| 700 | 1 | 0 |
_aStallman, R. W. _q(Robert Wooster), _d1911- _ejoint ed. _954267 |
| 942 |
_2ddc _cBK |
||
| 999 |
_c18503 _d18503 |
||